Derecho Internacional Privado Español (Record no. 436)

MARC details
000 -LEADER
campo de control de longitud fija 00325nam a2200133Ia 4500
005 - FECHA Y HORA DE LA ÚLTIMA TRANSACCIÓN
campo de control 20251221002647.0
008 - DATOS DE LONGITUD FIJA--INFORMACIÓN GENERAL
campo de control de longitud fija 251220s9999||||xx |||||||||||||| ||spa||
020 ## - NÚMERO INTERNACIONAL ESTÁNDAR DEL LIBRO
Número Internacional Estándar del Libro 8440432356
082 ## - NÚMERO DE LA CLASIFICACIÓN DECIMAL DEWEY
Número de clasificación 340.9/M26
100 ## - ENTRADA PRINCIPAL--NOMBRE DE PERSONA
Nombre de persona Marín López, Antonio
245 #0 - MENCIÓN DEL TÍTULO
Título Derecho Internacional Privado Español
250 ## - MENCION DE EDICION
Mención de edición 7ma.ed.
942 ## - ELEMENTOS DE ENTRADA SECUNDARIOS (KOHA)
Tipo de ítem Koha Libros

No items available.